Statistics for African Country Tripoints

Click here to take the quiz!

General Stats

  • This quiz has been taken 31 times
  • The average score is 36 of 60

Answer Stats

_ TRIPOINT % Correct
AAlgeria; Libya; Tunisia
95%
AAlgeria; Mauritania; Morocco
86%
BBotswana; Namibia; South Africa
86%
BBotswana; South Africa; Zimbabwe
86%
DDjibouti; Eritrea; Ethiopia
86%
DDjibouti; Ethiopia; Somalia
81%
EEgypt; Libya; Sudan
81%
BBurundi; Rwanda; Tanzania
81%
BBotswana; Zambia; Zimbabwe
76%
AAlgeria; Mali; Niger
76%
BBurundi; Democratic Republic of the Congo; Rwanda
76%
AAlgeria; Mali; Mauritania
76%
AAlgeria; Libya; Niger
76%
BBurkina Faso; Mali; Niger
71%
BBenin; Burkina Faso; Togo
71%
EEthiopia; Kenya; Somalia
71%
AAngola; Namibia; Zambia
71%
CCameroon; Chad; Nigeria
67%
MMozambique; South Africa; Swaziland
67%
GGuinea; Guinea-Bissau; Senegal
67%
MMozambique; South Africa; Swaziland
67%
AAngola; Democratic Republic of the Congo; Zambia
67%
BBurkina Faso; Ghana; Togo
67%
EEritrea; Ethiopia; Sudan
62%
KKenya; Tanzania; Uganda
62%
EEthiopia; South Sudan; Sudan
62%
CCameroon; Equatorial Guinea; Gabon
62%
BBurundi; Democratic Republic of the Congo; Tanzania
62%
BBurkina Faso; Cote d'Ivoire; Ghana
62%
CCameroon; Central African Republic; Chad
62%
MMalawi; Mozambique; Zambia
62%
BBurkina Faso; Cote d'Ivoire; Mali
57%
AAngola; Democratic Republic of the Congo; Republic of the Congo
57%
BBotswana; Namibia; Zambia
57%
BBenin; Burkina Faso; Niger
57%
EEthiopia; Kenya; South Sudan
57%
BBenin; Niger; Nigeria
52%
MMozambique; South Africa; Zimbabwe
52%
MMalawi; Mozambique; Tanzania
52%
MMozambique; Zambia; Zimbabwe
52%
GGuinea; Mali; Senegal
52%
GGuinea; Liberia; Sierra Leone
48%
MMali; Mauritania; Senegal
48%
CCameroon; Gabon; Republic of the Congo
48%
MMalawi; Tanzania; Zambia
48%
CCameroon; Central African Republic; Republic of the Congo
48%
RRwanda; Tanzania; Uganda
48%
CChad; Libya; Sudan
48%
CCote d'Ivoire; Guinea; Mali
48%
CChad; Niger; Nigeria
48%
CCote d'Ivoire; Guinea; Liberia
48%
CCentral African Republic; Chad; Sudan
43%
DDemocratic Republic of the Congo; Rwanda; Uganda
43%
CCentral African Republic; Democratic Republic of the Congo; South Sudan
38%
CCentral African Republic; South Sudan; Sudan
38%
CCentral African Republic; Democratic Republic of the Congo; Republic of the Congo
38%
KKenya; South Sudan; Uganda
38%
CChad; Libya; Niger
33%
DDemocratic Republic of the Congo; Tanzania; Zambia
29%
DDemocratic Republic of the Congo; South Sudan; Uganda
19%

Score Distribution

Percentile by Number Answered

Percent of People with Each Score

Your Score History

You have not taken this quiz